000 00446nam a2200193Ia 4500
005 20240823051251.0
008 240823s9999||||xx |||||||||||||| ||und||
020 _a978-51-264-4202-7
041 _aMALAYALAM
082 _A823.0872 Q3
100 _aAgatha Christie
245 0 _aPathimoonnu Prasnangal
250 _a1st
260 _c2013
_b"D C Books,Kot"
500 _aYES
650 _aNovel
_bEnglish
942 _cBK
999 _c219185
_d219185